Klient si volí podmienky, teda banku Spôsoby zabezpečenia návratnosti poskytnutých úverov má každý vypracované

Bibliographic Details
Main Author: Krajanová, Janka (Author)
Format: Article
Language:Slovak
ISSN:0862-9567
Subjects:

MARC

LEADER 00000nab a2200000 a 4500
001 vtls000594407
003 SK-MaSNL
005 20260303015512.0
008 140228c1996 xo 0 slo
015 |a SNBRB19rr/mm-uuuuu 
035 |a CL0594546 
040 |a SNKBUCL  |b slo  |c SNKBUCL  |e AACR2 
041 0 |a slo 
044 |a xo  |c SK 
080 |a 336.774  |2 1981 
100 1 |a Krajanová, Janka  |4 aut  |9 584508 
245 1 0 |a Klient si volí podmienky, teda banku  |b Spôsoby zabezpečenia návratnosti poskytnutých úverov má každý vypracované  |c Janka Krajanová 
650 0 7 |a úvery  |2 snkbucl  |9 2375 
650 0 7 |a riziko úverové  |2 snkbucl  |9 890880 
655 7 |a články z novín a časopisov  |2 snkbucl  |9 267496 
773 0 |t Hospodárske noviny  |g Roč. 4, č. 93 (14. 5. 1996)  |x 0862-9567 
773 0 |t [Príl.] Podnikateľské financie  |g Č. 1, s. P8  |x 0862-9567 
850 |a Slovenská národná knižnica v Martine  |a MTA001 
852 |a SNK  |b KIS3GCP 
958 |a RK 
992 |a RBX 
999 |c 1613150  |d 1615080